header

From Vienna to Versailles (Record no. 155853)

MARC details
000 -LEADER
fixed length control field 01087nam a2200277Ia 4500
100 1# - MAIN ENTRY--AUTHOR NAME
Personal name Seaman, L. C. B.
245 10 - TITLE STATEMENT
Title From Vienna to Versailles
260 ## - PUBLICATION, DISTRIBUTION, ETC. (IMPRINT)
Place of publication London;
-- New York :
Name of publisher Routledge,
Year of publication 1964.
300 ## - PHYSICAL DESCRIPTION
Number of Pages 216 p. :
Other physical details ill.
650 #0 - SUBJECT ADDED ENTRY--TOPICAL TERM
Topical Term Political science
856 40 - ELECTRONIC LOCATION AND ACCESS
Uniform Resource Identifier http://site.ebrary.com/lib/rucke/Doc?id=10061035

No items available.

© 2026 Rongo University
Contact us: librarian | system librarian | Rongo university